Нормален изглед
MARC изглед
- Полифония
Вход 09. Предметна рубрика
001 - Контролен номер на записа
- Контролно поле: 166979
003 - Код на организацията, даваща контролен номер
- Контролно поле: BLK
005 - Дата и час на последна промяна на записа
- Контролно поле: 20180412185933.0
008 - Данни с фиксирана дължина – обща информация
- Данни с фиксирана дължина : 180403de acz||aaba | aaa d
150 ## - ТЕМАТИЧНА ПРЕДМЕТНА РУБРИКА
- Редна дума или Топографско име: Полифония
942 ## - Системна служебна употреба
- Koha auth type: TOPIC_TERM